The pfeiffer book of successful leadership development tools

Includes an overview of management theorists who have shaped modern thought about organizations and leadership, Contains complete, ready-made training exercises designed to meet a variety of needs for different audiences, Offers inventories that include questionnaires and instruments that help peopl...

Cur síos iomlán

Đã lưu trong:
Sonraí Bibleagrafaíochta
Formáid: Leabhar
Teanga:Undetermined
Foilsithe: San Francisco, CA Pfeiffer 2003
Ábhair:
Clibeanna: Cuir Clib Leis
Gan Chlibeanna, Bí ar an gcéad duine leis an taifead seo a chlibeáil!
Thư viện lưu trữ: Trung tâm Học liệu Trường Đại học Cần Thơ
LEADER 00953nam a2200205Ia 4500
001 CTU_164135
008 210402s9999 xx 000 0 und d
020 |c 34.03 
082 |a 658.4092 
082 |b P526 
245 4 |a The pfeiffer book of successful leadership development tools 
245 0 |c Edited by Jack Gordon 
260 |a San Francisco, CA 
260 |b Pfeiffer 
260 |c 2003 
520 |a Includes an overview of management theorists who have shaped modern thought about organizations and leadership, Contains complete, ready-made training exercises designed to meet a variety of needs for different audiences, Offers inventories that include questionnaires and instruments that help people clarify their own beliefs about leadership 
650 |a Leadership,Lãnh đạo 
650 |x Problems, exercises, etc.,Câu hỏi, bài tập,... 
904 |i Trọng Hải 
980 |a Trung tâm Học liệu Trường Đại học Cần Thơ